000
00263nam a2200097Ia 4500
001
831954
005
20250826172345.0
008
250824s9999 xx 000 0 und d
245
0
_a
NESLİ TÜKENMEKTE OLAN HAYVANLAR
_c
SEVDE SEVEN USAK
260
_b
YEDİVEREN YAYINLARI
999
_c
831954
_d
831954